[Event "Smederevska Palanka"]
[Site "Smederevska Palanka"]
[Date "1981.??.??"]
[Round "8"]
[White "Ornstein, Axel"]
[Black "De Firmian, Nick E"]
[Result "1-0"]
[WhiteElo "2475"]
[BlackElo "2410"]

1.Nf3 Nf6 2.c4 e6 3.Nc3 c5 4.e3 d5 5.d4 a6 6.cxd5 exd5 7.Be2 Nc6 8.O-O c4
9.b3 Bb4 10.Qc2 b5 11.bxc4 bxc4 12.Ne5 Qc7 13.Nxd5 Nxd5 14.Bf3 Nce7 15.e4 Nb6
16.Rb1 Bd6 17.Rxb6 Bxe5 18.Rb4 Bxd4 19.Rxc4 Qb6 20.e5 Rb8 21.Ba3 Bxe5 22.Bc6+ Kf8
23.Re1 Bf6 24.Bd5 Bd7 25.Rce4 Re8 26.Qe2 Qd8 27.Bb3 h5 28.Qc4 Be6 29.Rxe6 Kg8
30.Rxe7 Rxe7 31.Bxe7 Qa5 32.Bb4 Qc7  1-0

[Event "Smederevska Palanka"]
[Site "Smederevska Palanka"]
[Date "1981.??.??"]
[Round "11"]
[White "De Firmian, Nick E"]
[Black "Zivanovic, Ivan"]
[Result "1-0"]
[WhiteElo "2410"]
[BlackElo "2200"]

1.c4 c5 2.Nc3 e6 3.Nf3 Nf6 4.g3 b6 5.Bg2 Bb7 6.O-O Be7 7.d4 cxd4 8.Qxd4 d6
9.Rd1 a6 10.b3 Nbd7 11.e4 O-O 12.Ba3 Nc5 13.e5 dxe5 14.Qxd8 Rfxd8 15.Nxe5 Bxg2
16.Kxg2 Bf8 17.Bxc5 Bxc5 18.Na4 Kf8 19.b4 Bd4 20.Nc6 Bxa1 21.Nxd8 b5 22.Nb6 Rb8
23.c5 Bc3 24.c6 Be5 25.Nd7+ Nxd7 26.Rxd7 Rc8 27.Nxf7 Bf6 28.c7 Ke8 29.Rd8+ Bxd8
30.cxd8=Q+ Rxd8 31.Nxd8 Kxd8 32.Kf3 Kd7 33.Ke4 Kd6 34.f4 Kd7 35.Ke5 Ke7 36.g4 Kd7
37.h4 Ke7 38.h5 Kd7 39.h6 gxh6 40.Kf6  1-0

[Event "Smederevska Palanka"]
[Site "Smederevska Palanka"]
[Date "1981.??.??"]
[Round "13"]
[White "De Firmian, Nick E"]
[Black "Ciocaltea, Victor"]
[Result "1-0"]
[WhiteElo "2410"]
[BlackElo "2445"]

1.b3 Nf6 2.Bb2 g6 3.g3 Bg7 4.Bg2 O-O 5.e4 d6 6.Ne2 e5 7.O-O c5 8.Nbc3 Nc6
9.f4 Nd4 10.h3 Rb8 11.Nxd4 exd4 12.Ne2 h5 13.d3 b5 14.c3 dxc3 15.Bxc3 b4
16.Bb2 Re8 17.Qc2 Bb7 18.Rf2 Rc8 19.f5 g5 20.Qd2 Nh7 21.f6 Bh6 22.Rf5 Kh8
23.Raf1 Rg8 24.Bf3 Rc7 25.Bxh5 Bc8 26.R5f2 Bxh3 27.Rd1 d5 28.g4 Qd7 29.Rf5 d4
30.Kh2  1-0

[Event "Gausdal Young Men"]
[Site "Gausdal"]
[Date "1982.??.??"]
[Round "1"]
[White "De Firmian, Nick E"]
[Black "Adler, Bo"]
[Result "1-0"]
[WhiteElo "2475"]
[BlackElo "2200"]

1.e4 e5 2.Nf3 Nc6 3.Bb5 a6 4.Ba4 d6 5.O-O Bd7 6.d4 b5 7.Bb3 Nxd4 8.Nxd4 exd4
9.c3 dxc3 10.Qh5 Qf6 11.Nxc3 Ne7 12.Re1 g6 13.Nd5 gxh5 14.Nxf6+ Kd8 15.Bxf7 Bg7
16.Nxd7 Kxd7 17.Bxh5 Raf8 18.Re2 Ng6 19.Bg4+ Ke7 20.Bg5+ Bf6 21.Bh6 Rb8 22.Rd1 Rhg8
23.g3 Ne5 24.Bh3 Nf3+ 25.Kg2 Nd4 26.e5 Nxe2 27.exf6+ Kxf6 28.Kf3 Nc3 29.bxc3 b4
30.cxb4 Rxb4 31.Be3 Rd8 32.Rd5 c6 33.Rh5 Kg6 34.Rh6+ Kg7 35.Bf5 Rf8 36.g4  1-0

[Event "Gausdal Int"]
[Site "Gausdal"]
[Date "1982.??.??"]
[Round "3"]
[White "De Firmian, Nick E"]
[Black "Wedberg, Tom"]
[Result "1/2-1/2"]
[WhiteElo "2475"]
[BlackElo "2460"]

1.e4 g6 2.d4 d6 3.Nc3 Bg7 4.f4 Nc6 5.Be3 Nf6 6.Nf3 O-O 7.Qd2 e6 8.O-O-O b6
9.h3 Bb7 10.f5 exf5 11.exf5 Ne7 12.fxg6 hxg6 13.Bd3 Qd7 14.Bh6 Rae8 15.h4 Nh5
16.Bxg7  1/2-1/2

[Event "Gausdal Jubilee"]
[Site "Gausdal"]
[Date "1982.??.??"]
[Round "3"]
[White "De Firmian, Nick E"]
[Black "Stigar, Petter"]
[Result "1-0"]
[WhiteElo "2470"]
[BlackElo "2230"]

1.e4 c6 2.d4 d5 3.Nd2 dxe4 4.Nxe4 Bf5 5.Ng3 Bg6 6.h4 h6 7.Nf3 Nd7 8.h5 Bh7
9.Bd3 Bxd3 10.Qxd3 Qc7 11.Bd2 e6 12.O-O-O Ngf6 13.Ne4 O-O-O 14.g3 Be7 15.Kb1 Nxe4
16.Qxe4 c5 17.Qe2 Rhe8 18.c4 cxd4 19.Nxd4 a6 20.Nb3 Nc5 21.Ba5 b6 22.Bc3 Bf8
23.Nxc5 bxc5 24.Qe4 Qb7 25.Qxb7+ Kxb7 26.Ba5 Rxd1+ 27.Rxd1 Kc6 28.Kc2 Be7
29.Rd3 Rb8 30.Bc3 f6 31.Kd2 Rg8 32.Ke2 Kc7 33.Bd2 Rb8 34.Bf4+ e5 35.Bc1 f5
36.b3 Bd6 37.Bb2 Re8 38.Rf3 Rf8 39.Re3 Re8 40.f4 e4 41.Bxg7 Rg8 42.Bc3 Kd7
43.Kf2 Ke6 44.Re2 Ra8 45.Ba5 Rg8 46.Re1 Be7 47.Rd1 Bf6 48.Rd5 Bd4+ 49.Kg2 Rg7
50.Bb6 Rd7 51.Bxc5 Bxc5 52.Rxc5 Rd2+ 53.Kf1 Rxa2 54.Rc6+ Kf7 55.Rxh6 Rb2
56.Rh7+ Kg8 57.Rb7 Rh2 58.c5  1-0

[Event "Gausdal Int"]
[Site "Gausdal"]
[Date "1982.??.??"]
[Round "4"]
[White "Olafsson, Helgi"]
[Black "De Firmian, Nick E"]
[Result "1/2-1/2"]
[WhiteElo "2430"]
[BlackElo "2475"]

1.Nf3 c5 2.c4 Nf6 3.Nc3 e6 4.g3 b6 5.Bg2 Bb7 6.O-O Be7 7.d4 cxd4 8.Qxd4 d6
9.Rd1 a6 10.b3 Nbd7 11.e4 Qb8 12.Ba3 Nc5 13.e5 dxe5 14.Qxe5 Qa7 15.Na4 Rc8
16.Nxc5 bxc5 17.Bb2 a5 18.Rd3 Be4 19.Re3 Bc6 20.Bh3 Bxf3 21.Rxf3 O-O 22.Rd1 Rcd8
23.Rfd3 Rxd3 24.Rxd3 a4 25.Bg2 axb3 26.axb3 Ne8 27.Bf3 Bf6 28.Qe2 Bxb2 29.Qxb2 Nf6
30.b4 cxb4 31.Qxb4 e5 32.c5 e4  1/2-1/2

[Event "Gausdal Jubilee"]
[Site "Gausdal"]
[Date "1982.??.??"]
[Round "6"]
[White "Welin, Thomas"]
[Black "De Firmian, Nick E"]
[Result "0-1"]
[WhiteElo "2330"]
[BlackElo "2470"]

1.c4 Nf6 2.Nf3 c5 3.Nc3 e6 4.g3 b6 5.Bg2 Bb7 6.O-O Be7 7.Re1 O-O 8.e4 Nc6
9.d4 cxd4 10.Nxd4 Nxd4 11.Qxd4 d6 12.b3 Qc7 13.Bb2 Rfd8 14.Kh1 Rac8 15.f4 Bc6
16.f5 Bf8 17.fxe6 fxe6 18.Rf1 Re8 19.Rac1 Qf7 20.Ne2 b5 21.cxb5 Bxb5 22.Qd2 e5
23.Rxc8 Rxc8 24.Re1 Be7 25.Nc3 Bd7 26.Nd1 h5 27.Ne3 h4 28.gxh4 Qh5 29.Rf1 Qxh4
30.Nd5 Ng4 31.h3 Bg5 32.Qe2 Be6 33.Rf3 Bxd5 34.exd5 Nf6 35.Rc3 Rf8 36.Rc4 Bf4
37.Bc1 Nh5 38.Bxf4 Nxf4 39.Qg4 Qe1+ 40.Kh2 Ne2 41.h4 Qg1+ 42.Kh3 Nf4+ 43.Rxf4 Rxf4
44.Qe6+ Kh7  0-1

[Event "Gausdal Int"]
[Site "Gausdal"]
[Date "1982.??.??"]
[Round "6"]
[White "Morris, Walter D"]
[Black "De Firmian, Nick E"]
[Result "1-0"]
[WhiteElo "2325"]
[BlackElo "2475"]

1.e4 c5 2.Nf3 d6 3.d4 cxd4 4.Nxd4 Nf6 5.Nc3 a6 6.Be3 e5 7.Nf3 Qc7 8.a4 Be7
9.a5 Nbd7 10.Nd2 O-O 11.Bc4 b5 12.axb6 Nxb6 13.Bb3 Be6 14.O-O Bxb3 15.Bxb6 Qxb6
16.Nxb3 Qc6 17.Qd3 Bd8 18.Rfd1 Bc7 19.Ra4 Rfd8 20.Rc4 Qb7 21.Nd5 Nxd5 22.Qxd5 Qa7
23.Nc1 Rab8 24.Nd3 Rb5 25.Qc6 Bb6 26.Ra4 Qb8 27.Rxa6 Rc8 28.Qd7 Rd8 29.Qf5 d5
30.Nxe5 dxe4 31.Qxf7+ Kh8 32.Rd7 Rxd7 33.Nxd7 Rxb2 34.g3 Bxf2+ 35.Qxf2 Qe8
36.Qf8+ Qxf8 37.Nxf8 Rxc2 38.Re6 Re2 39.Nd7 Kg8 40.Nc5 e3 41.Nd3 Kf7 42.Re4 Kf6
43.Nf4 Re1+ 44.Kg2 Kf5 45.Re7 g5 46.Re5+ Kxe5 47.Nd3+ Kd4 48.Nxe1 Kc3 49.Kf1 Kd2
50.Nf3+ Kd1 51.g4 h5 52.gxh5 g4 53.Ng1  1-0

[Event "Gausdal Int"]
[Site "Gausdal"]
[Date "1982.??.??"]
[Round "7"]
[White "De Firmian, Nick E"]
[Black "Thorsteins, Karl"]
[Result "1-0"]
[WhiteElo "2475"]
[BlackElo "2310"]

1.e4 c6 2.d4 d5 3.Nd2 dxe4 4.Nxe4 Nd7 5.Bc4 Ngf6 6.Ng5 e6 7.Qe2 Nb6 8.Bd3 h6
9.N5f3 c5 10.dxc5 Nbd7 11.b4 b6 12.Nd4 Nd5 13.Nxe6 fxe6 14.Bg6+ Ke7 15.Nf3 bxc5
16.bxc5 Qa5+ 17.Bd2 Qxc5 18.O-O a5 19.Rfe1 Ra6 20.c4 N5f6 21.Rad1 Kd8 22.Ne5 Kc7
23.Nf7 Rg8 24.Be3 Qb4 25.Bf4+ e5 26.Bxe5+ Nxe5 27.Qxe5+ Bd6 28.Nxd6  1-0

[Event "Gausdal Young Men"]
[Site "Gausdal"]
[Date "1982.??.??"]
[Round "7"]
[White "De Firmian, Nick E"]
[Black "Kudrin, Sergey"]
[Result "0-1"]
[WhiteElo "2475"]
[BlackElo "2480"]

1.e4 c5 2.Nf3 d6 3.d4 cxd4 4.Nxd4 Nf6 5.Nc3 g6 6.Be3 Bg7 7.f3 Nc6 8.Qd2 O-O
9.Bc4 Bd7 10.h4 Rc8 11.Bb3 h5 12.O-O-O Ne5 13.Rdg1 Qa5 14.g4 hxg4 15.h5 Nxh5
16.Bh6 Rxc3 17.Bxg7 Rxc2+ 18.Kxc2 Rc8+ 19.Kd1 Qxd2+ 20.Kxd2 Kxg7 21.fxg4 Bxg4
22.Ke3 Nf6 23.Rc1 Rc5 24.Rhg1 Bd7 25.Nf5+ Kf8 26.Nd4 Neg4+ 27.Kf3 Ne5+ 28.Ke3 Neg4+
29.Kf3 Rh5 30.Rc7 Rh3+ 31.Kg2 Rh2+ 32.Kg3 Nh5+  0-1

[Event "Gausdal Jubilee"]
[Site "Gausdal"]
[Date "1982.??.??"]
[Round "7"]
[White "De Firmian, Nick E"]
[Black "Stean, Michael"]
[Result "1/2-1/2"]
[WhiteElo "2470"]
[BlackElo "2505"]

1.e4 e5 2.Nf3 Nc6 3.Bb5 a6 4.Ba4 Nf6 5.O-O Nxe4 6.d4 b5 7.Bb3 d5 8.dxe5 Be6
9.Nbd2 Nc5 10.c3 d4 11.cxd4 Nxd4 12.Nxd4 Qxd4 13.Bxe6 Nxe6 14.Qc2 Qc5 15.Qf5 Be7
16.Ne4 Qb4 17.b3  1/2-1/2

[Event "Gausdal Int"]
[Site "Gausdal"]
[Date "1982.??.??"]
[Round "8"]
[White "Forintos, Gyozo V"]
[Black "De Firmian, Nick E"]
[Result "1-0"]
[WhiteElo "2410"]
[BlackElo "2475"]

1.d4 Nf6 2.c4 c5 3.d5 e6 4.Nc3 exd5 5.cxd5 d6 6.e4 g6 7.Nf3 Bg7 8.Bb5+ Nbd7
9.a4 O-O 10.O-O a6 11.Be2 Re8 12.Qc2 Qe7 13.Re1 Rb8 14.h3 Ne5 15.a5 Nxf3+
16.Bxf3 Nd7 17.Bd2 Qh4 18.Na4 Bd4 19.Bc3 Ne5 20.Bd1 Bd7 21.Nb6 Bb5 22.Bxd4 cxd4
23.Ra3 f5 24.Qd2 d3 25.exf5 gxf5 26.Rb3 Qe7 27.Rf1 Kh8 28.Rb4 Qg7 29.Kh1 Rg8
30.Rg1 Rbe8 31.Qf4 Re7 32.Qd2 Qf6 33.b3 Reg7 34.Nc4 Bxc4 35.bxc4 f4 36.Qb2 Qh4
37.f3 Qe7 38.c5 dxc5 39.Rxf4 Qd6 40.Re4 Ng6 41.Bb3 Nf4 42.Bc4 d2 43.Qxd2 Nxh3
44.Rf1 Ng5 45.Rh4 Nf7 46.Qf4 Ne5 47.Rh6 Qb8 48.Rh2 Rf8 49.Qc1 Qd8 50.Rd1 Qxa5
51.Be2 Nd7 52.Qb2 b5 53.Bd3 Kg8 54.Qc2 Nf6 55.Bf5 c4 56.Rh4 Qd8 57.Be6+ Kh8
58.Rdd4 Qd6 59.f4 Rc7 60.g4 Qc5 61.d6 Rc6 62.g5 Qxd4 63.gxf6 Qd3 64.Qg2  1-0

[Event "Gausdal Jubilee"]
[Site "Gausdal"]
[Date "1982.??.??"]
[Round "9"]
[White "Schussler, Harry"]
[Black "De Firmian, Nick E"]
[Result "1/2-1/2"]
[WhiteElo "2485"]
[BlackElo "2470"]

1.d4 Nf6 2.c4 e6 3.Nf3 c5 4.d5 exd5 5.cxd5 d6 6.Nc3 g6 7.Bg5 Bg7 8.e3 O-O
9.Nd2 Na6 10.Bc4 Nc7 11.a4 a6 12.O-O Rb8 13.a5 h6 14.Bh4 b5 15.axb6 Rxb6
16.Ra2 Rb4  1/2-1/2

[Event "Lloyds Bank op"]
[Site "London"]
[Date "1982.??.??"]
[Round "1"]
[White "De Firmian, Nick E"]
[Black "Friedgood, David"]
[Result "1-0"]
[WhiteElo "2475"]
[BlackElo "2315"]

1.e4 c5 2.Nf3 e6 3.d4 cxd4 4.Nxd4 a6 5.Nc3 Nc6 6.g3 d6 7.Bg2 Bd7 8.O-O Nf6
9.a4 Be7 10.Nde2 O-O 11.h3 Rb8 12.g4 b5 13.axb5 axb5 14.Ng3 b4 15.Nce2 Be8
16.g5 Nd7 17.f4 Nb6 18.Kh2 f6 19.h4 fxg5 20.hxg5 d5 21.exd5 exd5 22.b3 Bc5
23.Bb2 Bg6 24.f5 Bf7 25.f6 g6 26.Nf4 Re8 27.Qg4 Ne5 28.Bxe5 Rxe5 29.Nd3 Qd6
30.Nxe5 Qxe5 31.Rae1 Be3 32.Qxb4 Qxg5 33.Rf3 d4 34.Qd6 Qh4+ 35.Bh3 Rc8 36.Qxb6  1-0

[Event "Lloyds Bank op"]
[Site "London"]
[Date "1982.??.??"]
[Round "2"]
[White "Levitt, Jonathan"]
[Black "De Firmian, Nick E"]
[Result "1/2-1/2"]
[WhiteElo "2310"]
[BlackElo "2475"]

1.d4 Nf6 2.c4 e6 3.Nf3 c5 4.d5 exd5 5.cxd5 d6 6.Nc3 g6 7.e4 Bg7 8.Bg5 a6
9.Nd2 b5 10.a4 b4 11.Ncb1 h6 12.Bh4 O-O 13.Bd3 Re8 14.O-O Nbd7 15.f3 g5 16.Bg3 Ne5
17.Bxe5 Rxe5 18.Nc4 Re8 19.Nbd2 Nh5 20.Qc2 g4 21.fxg4 Bxg4 22.Nf3 Nf4 23.Rad1 Ra7
24.g3 Nh3+ 25.Kg2 Ng5 26.Nxg5 Bxd1 27.Qxd1 hxg5 28.Qg4 Be5 29.b3 f6 30.Rf5 Rg7
31.Be2 Ree7 32.Rf1 Qd7 33.Qxd7 Rxd7 34.Nxe5 fxe5 35.Bxa6 Rgf7 36.Rxf7 Kxf7
37.Be2 c4 38.Bxc4 Rc7 39.a5 Rxc4 40.bxc4 b3 41.a6 b2 42.a7 b1=Q 43.a8=Q Qxe4+
44.Kg1 Qd4+ 45.Kg2 Qe4+ 46.Kg1  1/2-1/2

[Event "Lloyds Bank op"]
[Site "London"]
[Date "1982.??.??"]
[Round "6"]
[White "De Wit, Johannes S"]
[Black "De Firmian, Nick E"]
[Result "1-0"]
[WhiteElo "2200"]
[BlackElo "2475"]

1.e4 c5 2.Nf3 d6 3.d4 cxd4 4.Nxd4 Nf6 5.Nc3 a6 6.f4 Nbd7 7.a4 b6 8.Be2 Bb7
9.Bf3 e6 10.O-O Be7 11.Qe2 Qc7 12.Kh1 O-O 13.g4 Nc5 14.g5 Nfd7 15.Bd2 g6
16.Qg2 Rfe8 17.b4 e5 18.Nf5 gxf5 19.bxc5 Nxc5 20.exf5 e4 21.Bh5 Bf8 22.Be3 Nb3
23.Rab1 Nc5 24.Rg1 d5 25.Bd4 Bd6 26.g6 hxg6 27.Bxg6 Kf8 28.f6 Red8 29.Bf5 Ke8
30.Be5 Qc6 31.Qg8+ Bf8 32.Rg7 Rd7 33.Qxf8+ Kxf8 34.Rbg1  1-0

[Event "Lloyds Bank op"]
[Site "London"]
[Date "1982.??.??"]
[Round "8"]
[White "Johansson, Per"]
[Black "De Firmian, Nick E"]
[Result "1/2-1/2"]
[WhiteElo "2200"]
[BlackElo "2475"]

1.d4 Nf6 2.Nf3 e6 3.c4 c5 4.Nc3 cxd4 5.Nxd4 Nc6 6.Bf4 Bc5 7.Ndb5 O-O 8.Bc7 Qe7
9.Bd6 Bxd6 10.Qxd6 Qd8 11.e4 b6 12.Be2 a6 13.Na3 Ne8 14.Qd2 Bb7 15.Rd1 d6
16.O-O Qc7 17.f4 Rd8 18.Kh1 Nf6 19.Bf3 Ne7 20.Qe2 Ng6 21.g3 Rc8 22.Rc1 Qc5
23.Qd2 Rfd8 24.Rfe1 h5 25.Rc2 Ne7 26.Na4 Qc6 27.b3 Rb8 28.Bg2 Qc7 29.Qe2 Bc6
30.Nc3 Qb7 31.Rd2 b5 32.cxb5 axb5 33.b4 h4 34.Nc2 h3 35.Bxh3 d5 36.Nd4 dxe4
37.Nxc6 Nxc6 38.Rxd8+ Rxd8 39.Nxe4 Nxb4 40.Bg2 Nxe4 41.Bxe4 Qa6 42.Rd1 Rxd1+
43.Qxd1 f5 44.Qd8+ Kh7 45.Qh4+ Kg8 46.Qd8+ Kh7 47.Qe8  1/2-1/2

[Event "Reykjavik op"]
[Site "Reykjavik"]
[Date "1982.??.??"]
[Round "?"]
[White "Hjartarson, Johann"]
[Black "De Firmian, Nick E"]
[Result "0-1"]
[WhiteElo "2425"]
[BlackElo "2470"]

1.e4 c5 2.Nf3 d6 3.Nc3 Nf6 4.g3 Nc6 5.Bg2 g6 6.O-O Bg7 7.d3 O-O 8.h3 Rb8
9.Be3 b5 10.a3 a5 11.Qd2 b4 12.axb4 axb4 13.Ne2 e5 14.Bh6 Ne8 15.Nh4 Nd4
16.Nxd4 cxd4 17.b3 Be6 18.Bxg7 Nxg7 19.Ra4 Qc7 20.f4 Bd7 21.Ra2 f6 22.f5 g5
23.Nf3 Qc3 24.Ra6 d5 25.Qxc3 bxc3 26.Rd6 dxe4 27.Rxd7 exd3 28.cxd3 Nxf5 29.Nh2 Ne3
30.Ra1 Rf7 31.Rxf7 Kxf7 32.Ng4 Nxg2 33.Kxg2 Rxb3 34.Ra7+ Ke6 35.Rc7 h5 36.Nf2 f5
37.g4 hxg4 38.hxg4 fxg4 39.Kg3 Rb1 40.Kxg4 Rg1+ 41.Kf3 Re1 42.Ng4 Rd1 43.Nf2 Rd2
44.Rc5 c2 45.Rc8 Kd7 46.Rc5 Ke6 47.Rc8 Kf5 48.Rc6 g4+ 49.Kg3 Re2 50.Nxg4 e4
51.Nf2 Re3+ 52.Kg2 exd3 53.Nxd3 Rxd3 54.Rxc2 Ke4 55.Ra2 Rf3 56.Re2+ Re3 57.Rd2 d3
58.Ra2 Kd4 59.Kf2 Re8 60.Ra4+ Kc3 61.Ra3+ Kc2 62.Ra2+ Kb3 63.Ra7 d2 64.Rd7 Kc2
65.Rc7+ Kd1 66.Rf7 Rc8  0-1

[Event "Reykjavik op"]
[Site "Reykjavik"]
[Date "1982.??.??"]
[Round "?"]
[White "Abramovic, Bosko"]
[Black "De Firmian, Nick E"]
[Result "1-0"]
[WhiteElo "2445"]
[BlackElo "2470"]

1.e4 c5 2.Nf3 d6 3.d4 cxd4 4.Nxd4 Nf6 5.Nc3 a6 6.Be2 e5 7.Nb3 Be7 8.Bg5 O-O
9.Bxf6 Bxf6 10.Qd3 Be6 11.O-O-O Be7 12.Nd5 Bxd5 13.Qxd5 Qc7 14.Kb1 Nd7 15.h4 b5
16.g4 Nb6 17.Qd3 a5 18.Nd2 a4 19.a3 Rfc8 20.c3 Rab8 21.g5 Qc5 22.Qe3 Qc6
23.Rh3 Nc4 24.Qd3 Rc7 25.Rf3 Qb7 26.Nf1 Rc5 27.Ne3 Nxe3 28.Qxe3 d5 29.exd5 Rxd5
30.Rxd5 Qxd5 31.Qd3 Qb3 32.Bd1 Qe6 33.Bc2 g6 34.Qe4 Rd8 35.Re3 Rd5 36.f4 Bd6
37.Qf3 Rd2 38.fxe5 Bxe5 39.h5 gxh5 40.Qa8+ Kg7 41.Qe4 Qd5 42.Qxe5+ Qxe5 43.Rxe5 h4
44.Re3 h6 45.gxh6+ Kxh6 46.Be4 Rf2 47.Kc1 Kg5 48.Rf3 Rxf3 49.Bxf3 Kf4 50.Bd5 h3
51.Kd2 Ke5 52.Ba8 Kd6 53.Ke3 Kc5 54.Bf3 h2 55.Bh1 f5 56.Bg2  1-0

[Event "Reykjavik op"]
[Site "Reykjavik"]
[Date "1982.??.??"]
[Round "?"]
[White "Iskov, Gert"]
[Black "De Firmian, Nick E"]
[Result "0-1"]
[WhiteElo "2380"]
[BlackElo "2470"]

1.e4 c5 2.Nf3 d6 3.d4 cxd4 4.Nxd4 Nf6 5.Nc3 a6 6.a4 e6 7.Be2 Be7 8.O-O O-O
9.Be3 e5 10.Nb3 Be6 11.a5 Nc6 12.Bb6 Qc8 13.Qd2 Nb4 14.Bf3 Qc6 15.Rfd1 Qd7
16.Na4 Nc6 17.Be3 Qc7 18.Nb6 Rae8 19.c4 Nb8 20.Rac1 Nbd7 21.Nd5 Bxd5 22.cxd5 Qb8
23.Rc2 Rd8 24.Rdc1 h6 25.Rc4 Nh7 26.Bg4 Bg5 27.Bxd7 Rxd7 28.Bxg5 Nxg5 29.Qc2 Qd8
30.Rc8 Qf6 31.Rxf8+ Kxf8 32.Nd2 Qd8 33.Qc3 Nh7 34.Nc4 Rc7 35.Qb4 Nf6 36.Re1 Rc5
37.b3 Qc7 38.f4 exf4 39.Nxd6 Qxd6 40.e5 Qxd5 41.exf6 Kg8 42.Qxf4 Rxa5 43.Qg4 Qg5
44.Qc8+ Kh7 45.fxg7 Qc5+ 46.Qxc5 Rxc5 47.b4 Rb5 48.Re4 Kxg7 49.g4 Kf6 50.Kg2 Re5
51.Rd4 Ke6 52.Kf3 Rd5 53.Re4+ Re5 54.Rd4 f5 55.h3 Rd5 56.Rc4 Ke5 57.gxf5 Kxf5
58.Rf4+ Ke6 59.Ke3 h5 60.Rc4 Kd6 61.Ke4 Rd1 62.Kf4 Rg1 63.Kf3 b6 64.Rh4 Rb1
65.Ke3 Kc6 66.Kd3 Kb5 67.Kc2 Rxb4 68.Rxh5+ Ka4 69.Rg5 Ka3 70.Rg3+ Ka2 71.Rg6 a5
72.h4 b5 73.h5 a4 74.Rb6 Rb2+ 75.Kc1 b4 76.h6 b3 77.Rb4 a3 78.Rh4 Rg2  0-1

[Event "Reykjavik op"]
[Site "Reykjavik"]
[Date "1982.??.??"]
[Round "?"]
[White "Bajovic, Milan"]
[Black "De Firmian, Nick E"]
[Result "1-0"]
[WhiteElo "2345"]
[BlackElo "2470"]

1.d4 Nf6 2.Nf3 e6 3.Bg5 h6 4.Bh4 c5 5.c3 b6 6.e3 Bb7 7.Nbd2 Be7 8.h3 O-O
9.Be2 Nc6 10.O-O d5 11.Bg3 Bd6 12.Bxd6 Qxd6 13.Qa4 e5 14.dxe5 Nxe5 15.Nxe5 Qxe5
16.Ba6 Bxa6 17.Qxa6 Rfd8 18.Rfd1 Rd7 19.Nf3 Qc7 20.Rd2 Rad8 21.Rad1 Ne4 22.Rd3 c4
23.Rd4 b5 24.Qxb5 Nc5 25.Ne5 Rb8 26.Qxc5 Qxe5 27.R1d2 Qe6 28.e4 Rdb7 29.exd5 Qe1+
30.Kh2 Qe5+ 31.f4 Qe3 32.Qxc4 Rxb2 33.Rxb2 Rxb2 34.Re4 Qb6 35.Qc8+ Kh7 36.Qf5+ Qg6
37.Qxg6+ Kxg6 38.Rd4 Kf6 39.d6 Rb8 40.c4 Ke6 41.c5 Kd7 42.Ra4  1-0

[Event "Reykjavik op"]
[Site "Reykjavik"]
[Date "1982.??.??"]
[Round "?"]
[White "De Firmian, Nick E"]
[Black "Angantysson, Haukur"]
[Result "1/2-1/2"]
[WhiteElo "2470"]
[BlackElo "2400"]

1.Nf3 c5 2.b3 Nc6 3.Bb2 d6 4.c4 e5 5.e3 g6 6.d4 exd4 7.exd4 Bg7 8.Qd2 cxd4
9.Na3 Bg4 10.Be2 Bxf3 11.Bxf3 Nge7 12.O-O O-O 13.Nb5 d5 14.cxd5 Nxd5 15.Bxd5 Qxd5
16.Nc7 Qd7 17.Nxa8 Rxa8 18.Rfe1 a5 19.Re4 a4 20.bxa4 Rxa4 21.a3 h6 22.Qc2 b5
23.Qc5 b4 24.Rd1 Ra5 25.Qc1 bxa3 26.Bxa3 Kh7 27.Bb2 Qd5 28.Ree1 Ra2 29.Qb1 Nb4
30.Bc3 Nc6 31.Bd2 d3 32.Be3 Ne5 33.Kh1 Ra3 34.Qb4 Rb3 35.Qa4 Qb7 36.h3 Qd5
37.Rd2 Nc6 38.Red1 Nb4 39.Bc5 Bc3 40.Bxb4 Rxb4 41.Qa2 Qxa2 42.Rxa2 d2 43.Rc2 Rb3
44.Kg1 Ra3 45.Kf1 Kg7 46.Ke2 Ba5 47.Rb1 Kf6 48.Rc5 Ra4 49.Kd3 Kg7 50.Rc6 Ra2
51.Ra6 h5 52.Rd1 h4 53.Ke2 Kh6 54.Rf6 Kg7 55.Rf4 g5 56.Rf5 Kg6 57.Rc5 Ra4
58.Rc6+ Kg7 59.f3 f6 60.Ra6 Ra2 61.Kd3 Kg6 62.Ke2 Kf5 63.Rb1 Kg6 64.Ra8 Rc2
65.Kd1 Rc5 66.Re8  1/2-1/2

[Event "Reykjavik op"]
[Site "Reykjavik"]
[Date "1982.??.??"]
[Round "?"]
[White "De Firmian, Nick E"]
[Black "Bjarnason, Saevar"]
[Result "1-0"]
[WhiteElo "2470"]
[BlackElo "2290"]

1.e4 e6 2.d4 d5 3.Nc3 Bb4 4.e5 c5 5.a3 Ba5 6.b4 cxd4 7.Qg4 Ne7 8.bxa5 dxc3
9.Qxg7 Rg8 10.Qxh7 Nbc6 11.Nf3 Qxa5 12.Bd3 Bd7 13.O-O Qa4 14.Bg5 O-O-O 15.Qh4 Qxh4
16.Bxh4 Rg4 17.h3 Rgg8 18.Bf6 Kc7 19.Ng5 Rb8 20.Nxf7 Nf5 21.g4 Be8 22.Ng5 Nfd4
23.f4 Bg6 24.Bxg6 Rxg6 25.Rf2 Rf8 26.h4 Rgxf6 27.exf6 Rxf6 28.Re1 b5 29.Re3 b4
30.axb4 Nxb4 31.Rxc3+ Kd7 32.Kg2 a5 33.h5 Nbc6 34.Rh3  1-0

[Event "Reykjavik op"]
[Site "Reykjavik"]
[Date "1982.??.??"]
[Round "?"]
[White "De Firmian, Nick E"]
[Black "Kaiszauri, Konstanty"]
[Result "1-0"]
[WhiteElo "2470"]
[BlackElo "2395"]

1.e4 d6 2.d4 Nf6 3.Nc3 g6 4.Nf3 Bg7 5.h3 O-O 6.Bf4 Nc6 7.e5 Nd7 8.exd6 cxd6
9.d5 Nce5 10.Nxe5 dxe5 11.Be3 f5 12.Bc4 Kh8 13.Qe2 a6 14.a4 b6 15.h4 h6 16.Rd1 Bb7
17.f3 Rf6 18.g4 b5 19.g5 Rd6 20.gxh6 Bf6 21.axb5 e4 22.fxe4 Ne5 23.bxa6 Raxa6
24.exf5 gxf5 25.Bg5 Qc7 26.Bxf6+ Rxf6 27.Bxa6 Bxa6 28.d6 Qa5 29.Qg2 Rg6 30.dxe7 Rxg2
31.e8=Q+ Rg8 32.Qe6 Nf3+  1-0

[Event "Reykjavik op"]
[Site "Reykjavik"]
[Date "1982.??.??"]
[Round "?"]
[White "De Firmian, Nick E"]
[Black "Wedberg, Tom"]
[Result "0-1"]
[WhiteElo "2470"]
[BlackElo "2435"]

1.Nf3 Nf6 2.b3 g6 3.Bb2 Bg7 4.g3 d6 5.Bg2 O-O 6.d4 Nbd7 7.Nc3 e5 8.e4 exd4
9.Nxd4 Nc5 10.O-O Bg4 11.f3 Bd7 12.a4 c6 13.Qd2 Qc7 14.Kh1 Rad8 15.Ba3 Rfe8
16.Rad1 a5 17.g4 h6 18.g5 hxg5 19.Qxg5 Re5 20.Qd2 b6 21.Nde2 d5 22.Bxc5 bxc5
23.f4 Ree8 24.e5 Ng4 25.h3 Nh6 26.Ng3 Nf5 27.Nxf5 Bxf5 28.Ne2 Bc8 29.Ng3 Qe7
30.Qf2 Qh4 31.Ne4 Qxf2 32.Nxf2 c4 33.bxc4 Ba6 34.Ng4 Bxc4 35.Rfe1 Rb8 36.Rb1 Ba2
37.Rxb8 Rxb8 38.e6 f5 39.Ne5 Bxe5 40.Rxe5 Kf8 41.e7+ Kf7 42.h4 Rh8 43.Kg1 Ke8
44.Re6 Rxh4 45.Rxg6 Kxe7 46.Rxc6 Rxf4 47.Bh3 Rxa4 48.Bxf5 Bc4 49.Kf2 Ra3
50.Ke1 Rf3 51.Bh7 a4 52.Bg8 a3 53.Rxc4 dxc4 54.Bxc4 Rc3 55.Bd5 Rxc2 56.Kd1 a2  0-1

[Event "Hamar op"]
[Site "Hamar"]
[Date "1983.??.??"]
[Round "1"]
[White "Hakki, Imad"]
[Black "De Firmian, Nick E"]
[Result "0-1"]
[WhiteElo "2305"]
[BlackElo "2475"]

1.e4 c5 2.Nf3 d6 3.d4 cxd4 4.Nxd4 Nf6 5.Nc3 a6 6.Bg5 e6 7.f4 Be7 8.Qf3 Qc7
9.O-O-O Nbd7 10.Bd3 b5 11.Rhe1 Bb7 12.Qg3 b4 13.Nd5 exd5 14.e5 dxe5 15.fxe5 Nh5
16.Qh4 Bxg5+ 17.Qxg5 g6 18.e6 Nc5 19.exf7+ Kxf7 20.Rf1+ Kg8 21.Nf5 Rf8 22.Ne7+ Kg7
23.Bxg6 Ne6 24.Nf5+ Rxf5 25.Qxf5 Nhf4 26.Bh5 Rf8 27.Qg4+ Kh8 28.g3 Rc8 29.Rf2 Qc5
30.Rfd2 Rg8 31.Qf5 Nxh5 32.Qxe6 Ng7 33.Qf7 Bc6 34.Re1 a5 35.Qe7 Qc4 36.b3 Qa6
37.Rf2 Qc8 38.Qc5 Bd7 39.Qxc8 Rxc8 40.Re7 Be6 41.Ra7 Nf5 42.Ra6 Bd7 43.Rf6 Ne3
44.Rf8+ Rxf8 45.Rxf8+ Kg7 46.Ra8 Bf5 47.Rxa5 Be4 48.Rc5 Kf6 49.Kd2 d4 50.Rb5 Nxc2
51.h3 d3 52.g4 Bg6 53.Rd5 Na3 54.Rd4 Nb1+ 55.Ke1 Ke5  0-1

[Event "Hamar op"]
[Site "Hamar"]
[Date "1983.??.??"]
[Round "3"]
[White "Autenrieth, Michael"]
[Black "De Firmian, Nick E"]
[Result "0-1"]
[WhiteElo "2200"]
[BlackElo "2475"]

1.e4 c5 2.d3 Nc6 3.g3 d5 4.Nd2 Nf6 5.Bg2 e6 6.Ngf3 Be7 7.O-O b6 8.Re1 dxe4
9.dxe4 O-O 10.e5 Nd5 11.a3 Ba6 12.c4 Nc7 13.Qc2 Rc8 14.Ng5 Bxg5 15.Bxc6 Bxd2
16.Bxd2 Bxc4 17.Be4 h5 18.h4 Bd5 19.Bh7+ Kh8 20.Bd3 Qd7 21.Qd1 g6 22.Bh6 Rg8
23.Bg5 Ne8 24.Qd2 Bc6 25.Bf6+ Kh7 26.Qe2 Nxf6 27.exf6 Qd5 28.Be4 Qxe4 29.Qxe4 Bxe4
30.Rxe4 Rgd8 31.Rc1 Rd5 32.g4 hxg4 33.Rxg4 Rf5 34.b4 Rxf6 35.bxc5 bxc5 36.Rg5 c4
37.Rc3 Rf5 38.Rg4 Rfc5 39.Kf1 Kh6 40.Rf4 f5 41.Rd4 R8c7 42.Rd6 R5c6 43.Rd8 Kg7
44.Ke2 Kf6 45.f4 Rh7 46.Rd4 Rxh4 47.Rdxc4 Rh2+ 48.Ke1 Rxc4 49.Rxc4 g5 50.fxg5+ Kxg5
51.Ra4 e5 52.Rxa7 e4  0-1

[Event "Hamar op"]
[Site "Hamar"]
[Date "1983.??.??"]
[Round "4"]
[White "De Firmian, Nick E"]
[Black "Bjarnason, Saevar"]
[Result "1-0"]
[WhiteElo "2475"]
[BlackElo "2420"]

1.e4 e6 2.d4 d5 3.Nc3 Bb4 4.e5 c5 5.a3 Bxc3+ 6.bxc3 Ne7 7.Nf3 Nbc6 8.Be2 Qa5
9.Bd2 Bd7 10.O-O c4 11.Ng5 O-O 12.Bg4 h6 13.Nh3 f5 14.exf6 Rxf6 15.Nf4 Raf8
16.g3 Nf5 17.Re1 Re8 18.Re2 Re7 19.Qe1 Qa4 20.Bc1 Nd6 21.f3 Nf5 22.Ra2 Kh7
23.Be3 Qa5 24.Bf2 Qc7 25.Ra1 Qd6 26.Kg2 e5 27.dxe5 Nxe5 28.Bxf5+ Rxf5 29.Rd1 Bc6
30.Bd4 Ng6 31.Nxg6 Rxe2+ 32.Qxe2 Qxg6 33.Re1 Rf7 34.Qd2 b6 35.g4 Qd6 36.h4 Qxa3
37.Re6 Bd7 38.Bxg7 Rxg7 39.Rxh6+  1-0